[Event "DEM U8 2025"]
[Site "Willingen GER"]
[Date "2025.06.14"]
[Round "7"]
[White "Korneli, Jakob"]
[Black "Fredrich, Tarje"]
[Result "1/2-1/2"]
[Termination "normal"]
[Board "22"]
[WhiteElo "1052"]
[BlackElo "1052"]
[WhiteClock "00:40:14"]
[BlackClock "00:31:33"]
[PlyCount "55"]
[WhiteFideId "533024588"]
[BlackFideId "533031258"]
[EventCountry "GER"]
[EventRounds "7"]
[EventType "swiss"]
[EventDate "2025.06.10"]

1. e4 {[%clk 01:00:28]} {[%emt 00:00:01]} e5 {[%clk 00:59:58]} {[%emt
00:00:32]} 2. Nf3 {[%clk 01:00:30]} {[%emt 00:00:14]} Nc6 {[%clk 00:59:44]}
{[%emt 00:00:29]} 3. Bc4 {[%clk 01:00:15]} {[%emt 00:00:30]} Nf6 {[%clk
00:59:22]} {[%emt 00:00:38]} 4. d3 {[%clk 01:00:11]} {[%emt 00:00:17]} Bc5
{[%clk 00:58:29]} {[%emt 00:01:08]} 5. O-O {[%clk 00:59:45]} {[%emt 00:00:41]}
d6 {[%clk 00:58:31]} {[%emt 00:00:14]} 6. c3 {[%clk 00:59:37]} {[%emt
00:00:23]} a6 {[%clk 00:58:27]} {[%emt 00:00:13]} 7. Nbd2 {[%clk 00:58:41]}
{[%emt 00:01:17]} O-O {[%emt 00:01:11]} 8. h3 {[%clk 00:58:42]} Be6 {[%clk
00:55:46]} {[%emt 00:02:08]} 9. Bb3 {[%clk 00:58:50]} {[%emt 00:00:13]} Ne7
{[%clk 00:55:08]} {[%emt 00:00:52]} 10. Re1 {[%clk 00:58:19]} {[%emt 00:00:47]}
Ng6 {[%clk 00:53:21]} {[%emt 00:01:51]} 11. Nf1 {[%clk 00:58:22]} {[%emt
00:00:23]} Nh5 {[%clk 00:52:19]} {[%emt 00:01:11]} 12. Ng5 {[%clk 00:55:44]}
{[%emt 00:02:58]} Ngf4 {[%clk 00:51:26]} {[%emt 00:00:21]} 13. Bxe6 {[%clk
00:53:08]} {[%emt 00:03:38]} Qxg5 {[%clk 00:49:00]} {[%emt 00:02:06]} 14. Qg4
{[%clk 00:49:17]} {[%emt 00:04:42]} Bxf2+ {[%clk 00:45:35]} {[%emt 00:03:30]}
15. Kxf2 {[%clk 00:48:14]} {[%emt 00:01:25]} Nxd3+ {[%clk 00:45:16]} {[%emt
00:00:29]} 16. Ke2 {[%clk 00:45:57]} {[%emt 00:02:39]} Qxg4+ {[%clk 00:44:57]}
{[%emt 00:00:24]} 17. Bxg4 {[%clk 00:45:41]} {[%emt 00:00:39]} Nxe1 {[%clk
00:44:21]} {[%emt 00:01:12]} 18. Kxe1 {[%clk 00:45:02]} {[%emt 00:01:05]} Nf6
{[%clk 00:43:41]} {[%emt 00:00:37]} 19. Bf3 {[%clk 00:43:27]} {[%emt 00:02:09]}
Rfd8 {[%clk 00:39:31]} {[%emt 00:04:26]} 20. Bg5 {[%clk 00:43:09]} {[%emt
00:00:31]} c6 {[%clk 00:37:29]} {[%emt 00:02:20]} 21. Ng3 {[%clk 00:43:05]}
{[%emt 00:00:17]} Rd7 {[%clk 00:36:29]} {[%emt 00:01:15]} 22. Rd1 {[%clk
00:42:32]} {[%emt 00:00:47]} Ne8 {[%clk 00:35:57]} {[%emt 00:00:48]} 23. Nf5
{[%clk 00:41:58]} {[%emt 00:00:49]} f6 {[%clk 00:35:40]} {[%emt 00:00:32]} 24.
Bg4 {[%clk 00:41:29]} {[%emt 00:00:45]} fxg5 {[%emt 00:01:44]} 25. Nh6+ {[%emt
00:00:34]} gxh6 {[%clk 00:32:15]} {[%emt 00:01:20]} 26. Bxd7 {[%clk 00:41:00]}
{[%emt 00:00:44]} Nf6 {[%clk 00:31:33]} {[%emt 00:00:56]} 27. Rxd6 {[%clk
00:40:14]} {[%emt 00:01:02]} Nxe4 {[%emt 00:00:33]} 28. Rxh6 {[%clk 00:40:14]}
{[%emt 00:00:41]} 1/2-1/2